Reconstructing race: racism, culture and mestizaje in Latin America /

Guardado en:
Bibliografiske detaljer
Hovedforfatter: Cadena, Marisol de la
Format: Texto
Fag:
Tags: Tilføj Tag
Ingen Tags, Vær først til at tagge denne postø!

MARC

LEADER 00000 a a2200000 04500
001 9943
003
040
100 |a Cadena, Marisol de la  
245 |a Reconstructing race: racism, culture and mestizaje in Latin America /  |c Marisol de la Cadena 
650 |a ETNICIDAD  
650 |a GRUPOS ETNICOS  
650 |a CULTURA  
650 |a MESTIZOS  
650 |a DISCRIMINACION RACIAL  
650 |a RELACIONES INTERETNICAS  
650 |a RELACIONES CULTURALES  
773 |g volumen 34, número 6; páginas 16-23  
999 |c 31699  |d 31699